[Event "Getxo Semana Santa U2200 op 1st"]
[Site "Getxo"]
[Date "2019.04.26"]
[Round "5"]
[White "Rayo Sierra, Cayetano"]
[Black "Estevez Iglesias, Antonio"]
[Result "0-1"]
[WhiteElo "1796"]
[BlackElo "1598"]
[PlyCount "57"]
[EventDate "2019.04.22"]
[EventType "swiss"]
[EventRounds "7"]
[EventCountry "ESP"]
[SourceTitle "EXT 2024"]
[Source "ChessBase"]
[SourceDate "2023.10.10"]
[SourceVersion "1"]
[SourceVersionDate "2023.10.10"]
[SourceQuality "1"]

1. d4 Nf6 2. g3 e6 3. Bg2 c5 4. c3 cxd4 5. Nf3 dxc3 6. 0-0 cxb2 7. Bxb2 d5 8. Nc3 a6 9. e4 dxe4 10. Qxd8+ Kxd8 11. Ng5 Ke8 12. Rac1 Nbd7 13. Ncxe4 Be7 14. Rc7 Nd5 15. Rc2 h6 16. Rfc1 N7b6 17. Nf3 f6 18. Nc5 Bxc5 19. Rxc5 Bd7 20. Nd2 Rc8 21. Rxc8+ Bxc8 22. Ne4 f5 23. Nd6+ Kd7 24. Ba3 g5 25. Nf7 Rh7 26. Ne5+ Kd8 27. Rd1 Bd7 28. Bc5 Kc7 29. Bd6+ 0-1